Top 20 Tennis Players of All Time - Statistics

General Stats
  • This quiz has been taken 1,089 times
  • The average score is 12 of 20
Answer Stats
# Player % Correct
9 Rafael Nadal
99%
1 Roger Federer
99%
8 Novak Djokovic
98%
6 Pete Sampras
89%
13 Andre Agassi
86%
7 Bjorn Borg
85%
11 John McEnroe
82%
5 Rod Laver
70%
16 Ivan Lendl
69%
12 Jimmy Connors
69%
17 Boris Becker
67%
3 Serena Williams
62%
2 Steffi Graf
54%
4 Martina Navratilova
49%
15 Margaret Court
39%
14 Billie Jean King
37%
10 Chris Evert
36%
18 Monica Seles
36%
19 Roy Emerson
12%
20 Don Budge
7%
No matching quizzes found
Score Distribution
Percent of People with Each Score
Percentile by Number Answered
Your Score History
You have not taken this quiz